000 01088nam a22003257a 4500
003 CHAP
005 20220329133842.0
008 971013s1982 r 00010 d
010 _a11787
011 _a12759
035 _a16337
040 _cCHAP
082 _a634.94
_bS6Y 1980
100 0 0 _aSpurr, Stephen Hopkins.
_9109316
245 _aEcología forestal
260 _aMéxico, D.F. :
_bAGT,
_c1982
300 _a690 p.
590 _aBATCH-UPD
_b10
_c20130110
_lUCH01
_h2001
590 _aBATCH-UPD
_b10
_c20130410
_lUCH01
_h1321
590 _aBATCH-UPD
_b10
_c20130914
_lUCH01
_h1251
590 _aCONVERSION
_b10
_c20130109
_lUCH01
_h1308
650 1 4 _aEcología forestal.
_935176
700 0 _aBarres, Burton V.
_910437
901 _aBK
942 _cLIBRO
949 _a634.94 S6Y 1980
_bBC
_cLIBRO
_d33724000248936
_eLIBRO
_h61630
_i16337
_si
949 _a634.94 S6Y 1980
_bBC
_cLIBRO
_d33724000248944
_eLIBRO
_fc.2
_h61691
_i16337
_si
949 _a634.94 S6Y 1980
_bBC
_cLIBRO
_d33724002062248
_eLIBRO
_fc.3
_h68499
_i16337
_si
949 _a634.94 S6Y
_bF
_cLIBRO
_d16337
_eLIBRO
_h2284
_i16337
_si
999 _c11787
_d11787